|
|
|
|
| LEADER |
00000nam0a2200000 4500 |
| 001 |
266315 |
| 005 |
20231031223500.0 |
| 020 |
|
|
|a RU
|b 86-94897
|
| 035 |
|
|
|a (RuTPU)RU\TPU\book\289334
|
| 090 |
|
|
|a 266315
|
| 100 |
|
|
|a 20140707d1986 km y0rusy5003 ca
|
| 101 |
0 |
|
|a rus
|
| 102 |
|
|
|a RU
|
| 105 |
|
|
|a y j 001zy
|
| 200 |
1 |
|
|a Интернационализация производства и социалистическая экономическая интеграция
|e научно-методическое пособие для преподавателей
|f Н. А. Черкасов
|
| 210 |
|
|
|a Москва
|c Высшая школа
|d 1986
|
| 215 |
|
|
|a 134 с.
|d 22 см
|
| 225 |
1 |
|
|a В помощь преподавателю политической экономии
|
| 333 |
|
|
|a Исключено из фонда НТБ ТПУ
|
| 700 |
|
1 |
|a Черкасов
|b Н. А.
|g Николай Александрович
|
| 801 |
|
0 |
|a RU
|b RuMRKP
|c 19950417
|g psbo
|
| 801 |
|
1 |
|a RU
|b 63413507
|c 20140707
|
| 801 |
|
2 |
|a RU
|b 63413507
|c 20230125
|g RCR
|
| 942 |
|
|
|c BK
|